|
|
|
|
| LEADER |
00801nab a2200193 i 4500 |
| 001 |
misc9961 |
| 005 |
20191106143358.0 |
| 008 |
170607s1918 hu o 0|| hun d |
| 022 |
|
|
|a 0025-0260
|
| 040 |
|
|
|a SZTE Miscellanea Repozitórium
|b hun
|
| 041 |
|
|
|a hun
|
| 100 |
1 |
|
|a Nagy József Béla
|
| 245 |
1 |
0 |
|a S. Poirsou, La cotiducation. Ses causes. Ses effets. Son avenir. Paris, Henry Paulin et Cie,' écliteurs.
|h [elektronikus dokumentum] :
|b [könyvismertetés] /
|c Nagy József Béla
|
| 260 |
|
|
|c 1918
|
| 300 |
|
|
|a 560-563
|
| 490 |
0 |
|
|a Magyar pedagógia : a Magyar Tudományos Akadémia Pedagógiai Bizottságának folyóirata
|v 27
|
| 695 |
|
|
|a Pedagógia - könyvismertetés, Koedukáció
|
| 700 |
0 |
1 |
|a Poirsou S.
|
| 856 |
4 |
0 |
|u http://misc.bibl.u-szeged.hu/9961/1/mp_1918_2685_560-563.pdf
|z Dokumentum-elérés
|